Sabrosos y amenos comentarios de Sophos a los discursos parlamentarios de 1919 del Honorable diputado radical por Antofagasta Don Antonio Pinto Durán
সংরক্ষণ করুন:
| প্রধান লেখক: | |
|---|---|
| বিন্যাস: | গ্রন্থ |
| ভাষা: | স্প্যানিশ |
| প্রকাশিত: |
Santiago
s. n
1920
|
| সংস্করন: | 1a. ed |
| বিষয়গুলি: | |
| ট্যাগগুলো: |
ট্যাগ যুক্ত করুন
কোনো ট্যাগ নেই, প্রথমজন হিসাবে ট্যাগ করুন!
|
MARC
| LEADER | 00000nam a2200000 a 4500 | ||
|---|---|---|---|
| 001 | UCJ5331 | ||
| 003 | CL-VaPUC | ||
| 008 | 070124e19200000CL |||||||||||||||||spa|d | ||
| 082 | 0 | 4 | |a 983 |b SOP |2 21 |
| 100 | 0 | |a Sophos |e author |9 510403 | |
| 245 | 1 | 0 | |a Sabrosos y amenos comentarios de Sophos a los discursos parlamentarios de 1919 del Honorable diputado radical por Antofagasta Don Antonio Pinto Durán |
| 250 | |a 1a. ed | ||
| 300 | |a 150 p | ||
| 942 | |c BK | ||
| 945 | |d 20070124 00:00:00 |a rinostro | ||
| 260 | |a Santiago |b s. n |c 1920 | ||
| 500 | |a La copia 1 se encuentra empastada en un volumen rotulado Silva, Radicalismo; Pinto D., Comentarios de Sophos el que se ubica en 983 SIL; la copia 2 se encuentra empastada en un volumen rotulado Comentario a los discursos de Pinto D., el que se encuentra en 983 SOP. Advierte errata | ||
| 600 | 0 | 7 | |a PARTIDO RADICAL |2 CL-VaPUC |9 439853 |
| 600 | 0 | 7 | |a PINTO DURAN, SANTIAGO |2 CL-VaPUC |9 510404 |
| 650 | 7 | |a DISCURSOS PARLAMENTARIOS |2 CL-VaPUC |9 504230 | |
| 650 | 7 | |a SATIRA POLITICA |2 CL-VaPUC |9 330270 | |
| 583 | |a last modification |c 20070124 00:00:00 |k Rodrigo Vera | ||
| 999 | |c 321441 |d 321439 | ||
| 952 | |0 0 |1 0 |4 0 |6 983_000000000000000_SOP_1920 |7 0 |8 X |9 400176 |a FDOBUD |b FDOBUD |d 2019-11-22 |i 1033077 |o 983 SOP 1920 |p 1033077 |r 2019-11-22 |w 2019-11-22 |y BK_X |k BUD | ||
| 952 | |0 0 |1 0 |4 0 |6 983_000000000000000_SOP_1920 |7 0 |8 X |9 400177 |a FDOBUD |b FDOBUD |d 2019-11-22 |i 1033085 |o 983 SOP 1920 |p 1033085 |r 2019-11-22 |w 2019-11-22 |y BK_X |k BUD | ||